| 000 | 00438cam a2200181ua 4500 | ||
|---|---|---|---|
| 020 | _c1.50 | ||
| 041 |
_amal _h |
||
| 082 |
_a894.81209 _bABD/SA |
||
| 100 | _aAbdulkhader, Vakkom . | ||
| 245 |
_aSahithee darshanam / _cVakkom Abdulkhader. _hTextual Documents |
||
| 250 |
_a1 / _b. |
||
| 260 |
_aCalicut : _bP K Brothers , _c1963. |
||
| 300 | _a100 ; . | ||
| 365 | _a1.50 | ||
| 504 | _a | ||
| 942 | _cBK | ||
| 999 |
_c12797 _d12797 |
||